| 000 | 00000nam 2200000zi 4500 |
| 001 | 9.948723 |
| 003 | CaOODSP |
| 005 | 20250612100552 |
| 006 | m o d f |
| 007 | cr mn||||||||| |
| 008 | 250304t20252025oncab ob f000 0 fre d |
| 020 | |a9780660761619 |
| 040 | |aCaOODSP|bfre|erda|cCaOODSP |
| 043 | |an-cn--- |
| 045 | |ay2y2 |
| 086 | 1 |aFA1-27/2025-1-2F-PDF |
| 110 | 1 |aCanada. |bBureau du vérificateur général, |eauteur, |eorganisme de publication. |
| 245 | 10|aAssurer la capacité future du Canada en matière d'avions de chasse : |brapport de l'auditeur indépendant. |
| 264 | 1|a[Ottawa] : |bBureau du vérificateur général du Canada = Office of the Auditor General of Canada, |c2025. |
| 264 | 4|c©2025 |
| 300 | |a1 ressource en ligne (v, 26 pages) : |billustrations en couleur, carte en couleur. |
| 336 | |atexte|btxt|2rdacontent/fre |
| 337 | |ainformatique|bc|2rdamedia/fre |
| 338 | |aressource en ligne|bcr|2rdacarrier/fre |
| 490 | 1 |aRapports de la vérificatrice générale du Canada au Parlement du Canada, |x2561-3456 ; |vrapport 2 |
| 500 | |aPublié aussi en anglais sous le titre : Delivering Canada's future fighter jet capability: independent auditor's report. |
| 504 | |aComprend des références bibliographiques. |
| 520 | |a« Le présent rapport de certification indépendant sur la préparation et les progrès réalisés en vue de la mise en service des avions de chasse CF-35A a été préparé par le Bureau du vérificateur général du Canada. Notre responsabilité était de donner de l'information, une assurance et des avis objectifs au Parlement en vue de l'aider à examiner soigneusement la gestion que fait le gouvernement des ressources et des programmes et d'exprimer une conclusion quant à la conformité du Projet de capacité future en matière d'avions de chasse de la Défense nationale, dans tous ses aspects importants, aux critères applicables. … L'objectif de l'audit consistait à déterminer si la Défense nationale avait élaboré des plans pour la mise en service des appareils CF-35A et avait réalisé des progrès à cet égard de manière à réaliser le projet de capacité en matière d'avions de chasse conformément aux délais et aux budgets prévus, à permettre au gouvernement de remplir ses engagements opérationnels envers le Commandement de la défense aérospatiale de l'Amérique du Nord (NORAD) et l'Organisation du traité de l'Atlantique Nord (OTAN) et à défendre la souveraineté du Canada. … » -- À propos de l'audit, page 19. |
| 610 | 16|aCanada. |bMinistère de la défense nationale|xAudit. |
| 650 | 6|aF-35 (Avion militaire)|xAchat|zCanada. |
| 650 | 6|aF-35 (Avion militaire)|xPlanification. |
| 775 | 08|tDelivering Canada's future fighter jet capability : |w(CaOODSP)9.948722 |
| 830 | #0|aRapports du vérificateur général du Canada au Parlement du Canada ;|vrapport 2.|w(CaOODSP)9.846693 |
| 856 | 40|qPDF|s3.14 Mo|uhttps://publications.gc.ca/collections/collection_2025/bvg-oag/FA1-27-2025-1-2-fra.pdf|z[Rapport] |
| 856 | 4 |qHTML|sS.O.|uhttps://www.oag-bvg.gc.ca/internet/Francais/parl_oag_202506_02_f_44643.html|z[Sommaire] |